[Event "Miedzynarodowy Memorial Ireny Warakomskiej (Turniej Blitza)"]
[Site "Suwalki"]
[Date "2017-08-16"]
[Round "3.11"]
[White "Zianowicz, Dominik "]
[Black "Sliwicki, Damian "]
[Result "1/2-1/2"]
[WhiteTitle ""]
[BlackTitle ""]
[WhiteElo "1851"]
[BlackElo "2175"]

1. d4 Nf6 2. Bg5 e6 3. e4 Be7 4. Nd2 O-O 5. Ngf3 c5 6. c3 cxd4 7. cxd4 d5 8. Bxf6
Bxf6 9. e5 Be7 10. Bd3 Nc6 11. O-O f5 12. exf6 Bxf6 13. Nb3 e5 14. dxe5 Nxe5 15.
Nxe5 Bxe5 16. Qh5 Bxh2+ 17. Qxh2 g6 18. Rae1 Qg5 19. Qe5 Qd8 20. Nd4 Bg4 21. Ne6
Bxe6 22. Qxe6+ Kg7 23. Qe7+ Rf7 24. Qxd8 Rxd8 25. Rc1 Kh6 26. Rfe1 d4 27. Rc2
b6 28. Re4 Rd6 29. Rc4 Rfd7 30. a4 Kg5 31. Rb4 Kf6 32. Kf1 h5 33. Ke2 g5 34. Kd2
g4 35. g3 Rd5 36. Rc4 Kg5 37. Rc1 Rf7 38. Ke2 Rdf5 39. Rf1 Rd5 40. Kd2 Rdf5 41.
Re2 Rc5 42. Rfe1 Kh6 43. Re6+ Kg7 44. Re7 h4 45. Rxf7+ Kxf7 46. gxh4 Rh5 47. Re4
Rxh4 48. Rxd4 Kf6 49. Be2 Rh2 50. Ke3 Rh3+ 51. Kd2 Rh2 52. Ke1 Rh1+ 53. Bf1 Rg1
54. Rd7 a5 55. Rd6+ Ke5 56. Rxb6 Kd4 57. Rd6+ Kc5 58. Rg6 Kb4 59. Rg5 Kxa4 60.
Ke2 Kb4 61. b3 Kxb3 62. Rxa5 g3 63. fxg3 Rxg3 64. Rb5+ Ka4 65. Re5 Kb4 66. Kf2
Rg8 67. Re4+ Kc3 68. Rc4+ Kb3 69. Rc7 Kb4 70. Ke3 Rd8 71. Bd3 Kb3 72. Rb7+ Kc3
73. Rc7+ Kb3 74. Kd2 Kb4 75. Rc4+ Kb3 76. Rh4 Rg8 77. Re4 Rd8 78. Ke2 Kc3 79.
Rc4+ Kb3 80. Rc7 Kb4 81. Kd2 Ka5 82. Rb7 Rc8 83. Rb1 Ka4 84. Ke3 Rd8 85. Rb2 Ka3
86. Rb7 Ka4 87. Kd2 Rc8 88. Bc2+ Ka5 89. Rb2 Ka6 90. Bd3+ Ka7 91. Rb5 Rc7 92.
Ke3 Rd7 93. Be4 Ka6 94. Rb1 Rd6 95. Bd3+ Ka7 96. Rb4 Rd7 97. Kd2 Rc7 98. Bc4 Rg7
99. Kc3 Rg3+ 100. Bd3 Rg5 101. Rb2 Rg4 102. Bc4 Rg5 103. Kb4 Kb6 104. Re2 Kc6
105. Re6+ Kd7 106. Rh6 Ke7 107. Kc3 Rg4 108. Kd3 Rg3+ 109. Kd4 Rg4+ 110. Kc5 Kf8
111. Rh7 Rg7 112. Rh6 Rd7 1/2-1/2

[Event "Miedzynarodowy Memorial Ireny Warakomskiej (Turniej Blitza)"]
[Site "Suwalki"]
[Date "2017-08-16"]
[Round "3.12"]
[White "Zgadzaj, Rafal "]
[Black "Chinguun, Sumiya "]
[Result "0-1"]
[WhiteTitle ""]
[BlackTitle ""]
[WhiteElo "2040"]
[BlackElo "2139"]

1. e4 c5 2. Nf3 e6 3. d4 cxd4 4. c3 dxc3 5. Nxc3 Nc6 6. Bc4 d6 7. O-O Nf6 8. a3
Be7 9. b4 a6 10. Bb2 b5 11. Bb3 O-O 12. Qd2 Bb7 13. Rfd1 Ne5 14. Nxe5 dxe5 15.
Qe3 Qb8 16. Rac1 Rd8 17. h3 h6 18. Kh2 Nh5 19. Rxd8+ Qxd8 20. Rd1 Qc7 21. g3 Rd8
22. Ne2 Nf6 23. Rxd8+ Qxd8 24. f3 Bd6 25. Nc1 Qc7 26. Nd3 Nd7 27. Qd2 Kf8 28.
Kg2 Ke7 29. h4 Nb6 30. Nc5 Bxc5 31. bxc5 Nd7 32. Bc3 Nb8 33. Ba5 Qd7 34. Qc3 Nc6
35. Bb4 Qd4 36. Qxd4 exd4 37. f4 Nxb4 38. axb4 Bxe4+ 39. Kf2 Kd7 40. g4 Kc6 41.
f5 Bd5 42. Bc2 e5 43. g5 hxg5 44. hxg5 e4 45. f6 gxf6 46. gxf6 Kd7 47. Kg3 d3
48. Bd1 e3 49. Bg4+ Be6 50. Bf3 d2 51. Kf4 Bb3 52. Kxe3 d1=Q 53. Bxd1 Bxd1 54.
Kd4 Kc6 55. Ke5 Bb3 56. Ke4 Kd7 57. Ke5 Bc4 58. Kd4 Ke6 59. Ke4 Bd5+ 60. Kd4 Bc6
0-1

[Event "Miedzynarodowy Memorial Ireny Warakomskiej (Turniej Blitza)"]
[Site "Suwalki"]
[Date "2017-08-16"]
[Round "3.13"]
[White "Ocytko, Andrzej"]
[Black "Hasinski, Krystian "]
[Result "1-0"]
[WhiteTitle ""]
[BlackTitle ""]
[WhiteElo "2113"]
[BlackElo "1801"]

1. e4 g6 2. d4 Bg7 3. c3 d6 4. Nf3 Nf6 5. Bd3 O-O 6. O-O c5 7. dxc5 dxc5 8. h3
Nc6 9. Be3 b6 10. Qc2 Bb7 11. Nbd2 Qc7 12. Rfe1 Rad8 13. Bf1 Rd7 14. Rad1 Rfd8
15. Nc4 Ne8 16. Rxd7 Rxd7 17. a4 Nd6 18. Bf4 Qd8 19. Nce5 Nxe5 20. Nxe5 Rc7 21.
Nc4 Rd7 22. Ne5 Rc7 23. Nc4 Rd7 24. Nxd6 exd6 25. c4 Qe7 26. f3 Bd4+ 27. Kh2 f5
28. Bd3 fxe4 29. Bxe4 Qf6 30. Bg3 Be5 31. Bxb7 Bxg3+ 32. Kxg3 Rxb7 33. Re8+ Kf7
34. Qe2 Rd7 35. Qe4 h5 36. b3 h4+ 37. Kh2 Kg7 38. Re6 Qg5 39. Re8 Rf7 40. Re6
Qg3+ 41. Kh1 Qf2 42. Qg4 Qc2 43. Kh2 Qf5 44. Qxf5 gxf5 45. Rxd6 Re7 46. Rd5 Kf6
47. Kg1 Re3 48. Rd6+ Ke5 49. Rd7 Rxb3 50. Rxa7 Rb4 51. a5 bxa5 52. Rxa5 Rxc4 53.
Ra8 Rc2 54. Rh8 Kf4 55. Kh2 c4 56. Rxh4+ Ke3 57. Rh5 f4 58. Re5+ Kd4 59. Re4+
Kd5 60. Rxf4 Rd2 61. Rf5+ Kd4 62. Rf8 Ra2 63. h4 c3 64. Rd8+ Ke5 65. Rc8 c2 66.
Kg3 Kf5 67. Rc5+ Kg6 68. Kg4 Ra4+ 69. f4 Ra2 70. g3 Rb2 71. Rc6+ Kf7 72. Kg5 Rb3
73. g4 Rb2 74. Rc7+ Ke6 75. f5+ Kd6 76. Rc3 Ra2 77. h5 Ke7 78. Rc7+ Kd6 79. Rc8
Kd7 80. Rc3 Kd6 81. Kg6 Kd5 82. g5 Ra6+ 83. f6 Rc6 84. Rxc2 Rxc2 85. f7 Rf2 86.
Kg7 1-0

[Event "Miedzynarodowy Memorial Ireny Warakomskiej (Turniej Blitza)"]
[Site "Suwalki"]
[Date "2017-08-16"]
[Round "3.14"]
[White "Bogdanov, Ignat"]
[Black "Jaskiewicz, Kamila "]
[Result "1-0"]
[WhiteTitle ""]
[BlackTitle ""]
[WhiteElo "2092"]
[BlackElo "1766"]

1. d4 d5 2. c4 e6 3. Nc3 Nf6 4. Bg5 c6 5. Nf3 Be7 6. e3 Nbd7 7. cxd5 exd5 8. Bd3
O-O 9. O-O h6 10. Bf4 Re8 11. Qc2 Nf8 12. Rad1 a6 13. Rfe1 Ne6 14. Bg3 Bd6 15.
a3 Bxg3 16. hxg3 Nf8 17. b4 Bg4 18. a4 Ne6 19. Be2 Bxf3 20. Bxf3 Ng5 21. Be2 Nge4
22. Nxe4 Nxe4 23. Bf3 f5 24. b5 axb5 25. axb5 Qd6 26. bxc6 bxc6 27. Rc1 Rec8 28.
Bxe4 fxe4 29. Qc5 Qxc5 30. Rxc5 Ra2 31. Rec1 Rf8 32. R5c2 Rxc2 33. Rxc2 Rc8 34.
f3 exf3 35. gxf3 Kf7 36. Kf2 Ke6 37. e4 dxe4 38. fxe4 Kd6 39. Ke3 g6 40. e5+ Ke6
41. Ke4 Kd7 42. Ra2 Rc7 43. Rf2 Ke7 44. Rf6 c5 45. d5 Rc8 46. Rxg6 c4 47. Rxh6
c3 48. Rh7+ Kf8 49. Rh8+ 1-0

[Event "Miedzynarodowy Memorial Ireny Warakomskiej (Turniej Blitza)"]
[Site "Suwalki"]
[Date "2017-08-16"]
[Round "3.15"]
[White "Ziemski, Jaroslaw"]
[Black "Kyrychenko, Maryan "]
[Result "0-1"]
[WhiteTitle ""]
[BlackTitle ""]
[WhiteElo "1824"]
[BlackElo "2060"]

1. e4 c5 2. Nc3 e6 3. g3 Nc6 4. Bg2 Nge7 5. f4 d5 6. d3 d4 7. Nce2 g6 8. Nf3 Bg7
9. O-O O-O 10. g4 f5 11. gxf5 exf5 12. e5 Nd5 13. c4 dxc3 14. Nxc3 Ndb4 15. Ng5
Qxd3 16. Qb3+ c4 17. Qa4 a6 18. Rd1 b5 19. Rxd3 bxa4 20. Rd6 Bb7 21. Nxa4 Rfd8
22. Nc5 Rxd6 23. exd6 Bd4+ 24. Kf1 Bxc5 25. d7 Nd8 26. Bxb7 Nxb7 27. Ne6 Bb6 28.
Bd2 Nd3 29. b3 Nd8 30. Nxd8 Rxd8 31. bxc4 Rxd7 32. Rb1 Bd4 33. Rb8+ Kg7 34. Ra8
Nc5 35. Bb4 Rd6 36. Ra7+ Kh6 37. Kg2 Rc6 38. Bxc5 Bxc5 39. Rd7 Bb4 40. Rd4 Bc3
41. Rd3 Rxc4 42. Kf3 Bb4 43. Rd8 Be7 44. Ra8 Bd6 45. Rxa6 Bxf4 46. a4 Bxh2 47.
a5 Ra4 48. Kg2 Bc7 49. Rc6 Bxa5 50. Ra6 Ra2+ 51. Kh3 Kg5 52. Ra7 Ra3+ 53. Kg2
h5 54. Ra6 Bb4 55. Re6 Rd3 56. Kh2 Rd6 57. Re2 Kh4 58. Rg2 g5 59. Rf2 Rd2 60.
Kg2 Rxf2+ 61. Kxf2 Kh3 0-1

[Event "Miedzynarodowy Memorial Ireny Warakomskiej (Turniej Blitza)"]
[Site "Suwalki"]
[Date "2017-08-16"]
[Round "3.16"]
[White "Krzywda, Andrzej "]
[Black "Litner, Igor "]
[Result "0-1"]
[WhiteTitle ""]
[BlackTitle ""]
[WhiteElo "2047"]
[BlackElo "1719"]

1. e4 d6 2. d4 Nf6 3. Nc3 Nbd7 4. Nf3 e5 5. Bc4 Be7 6. O-O O-O 7. a4 c6 8. h3 Qc7
9. Re1 b6 10. Ba2 a6 11. Be3 Bb7 12. Qd2 Rfe8 13. Bxf7+ Kxf7 14. Ng5+ Kg8 15.
f4 c5 16. Ne6 Qc8 17. fxe5 cxd4 18. Qxd4 dxe5 19. Qd2 Qc4 20. Ng5 h6 21. b3 Qc6
22. Nf3 Bb4 23. Bxh6 Bxc3 24. Qg5 Re7 25. Rf1 Qxe4 26. Rad1 Bd4+ 27. Kh1 Nf8 28.
Bxg7 Rxg7 29. Qxf6 Nh7 30. Qe6+ Kh8 31. Rde1 Qg6 32. Qxg6 Rxg6 33. Nh4 Rg3 34.
Kh2 Rag8 35. Re2 Re3 36. Ref2 Re4 37. Rf3 Rxh4 38. Rg3 Rxg3 39. Kxg3 0-1

[Event "Miedzynarodowy Memorial Ireny Warakomskiej (Turniej Blitza)"]
[Site "Suwalki"]
[Date "2017-08-16"]
[Round "3.17"]
[White "Tarnowska, Aleksandra"]
[Black "Wozniak, Mariola "]
[Result "1-0"]
[WhiteTitle ""]
[BlackTitle ""]
[WhiteElo "1774"]
[BlackElo "2045"]

1. e4 c5 2. Nc3 d6 3. f4 Nc6 4. Nf3 g6 5. g3 Bg7 6. Bg2 e6 7. d3 Nge7 8. O-O O-O
9. Kh1 Rb8 10. a4 b6 11. h3 Bb7 12. Bd2 a6 13. Qe1 Ba8 14. g4 b5 15. axb5 axb5
16. Qg3 b4 17. Nd1 f5 18. exf5 exf5 19. Ng5 Qd7 20. Re1 Rfe8 21. Ne6 Bf6 22. g5
Bh8 23. c3 d5 24. Nxc5 Qd6 25. cxb4 Nxb4 26. Bxb4 Rxb4 27. Rc1 Qxf4 28. Qxf4 Rxf4
29. Ne6 Rb4 30. Nc7 Rbb8 31. Nxe8 Rxe8 32. Bxd5+ Kf8 33. Bxa8 Rxa8 34. Rc7 Bd4
35. Rcxe7 1-0

[Event "Miedzynarodowy Memorial Ireny Warakomskiej (Turniej Blitza)"]
[Site "Suwalki"]
[Date "2017-08-16"]
[Round "3.18"]
[White "Murawko, Julia "]
[Black "Ostrowski, Robert"]
[Result "0-1"]
[WhiteTitle ""]
[BlackTitle ""]
[WhiteElo "1732"]
[BlackElo "2028"]

1. d4 Nf6 2. Nf3 c6 3. e3 g6 4. Bd3 Bg7 5. c3 O-O 6. e4 d6 7. O-O Qc7 8. Nbd2 e5
9. h3 b5 10. Re1 a5 11. a3 Ba6 12. Nf1 b4 13. axb4 axb4 14. Ng3 Bxd3 15. Rxa8
Ba6 16. dxe5 dxe5 17. cxb4 Qb7 18. Rxa6 Nxa6 19. Nxe5 Nxb4 20. Qe2 c5 21. Qc4
Re8 22. Qxc5 Bf8 23. Qc3 Rc8 24. Qd2 Qb6 25. Qg5 Rc2 26. Be3 Qd6 27. Ng4 Nxg4
28. Qxg4 Nd3 29. Rd1 Qa6 30. Nf5 Ne5 31. Qg3 0-1

[Event "Miedzynarodowy Memorial Ireny Warakomskiej (Turniej Blitza)"]
[Site "Suwalki"]
[Date "2017-08-16"]
[Round "3.19"]
[White "Tylenda, Krzysztof "]
[Black "Janiszewski, Maciej"]
[Result "0-1"]
[WhiteTitle ""]
[BlackTitle ""]
[WhiteElo "1688"]
[BlackElo "1968"]

1. e4 c5 2. Nc3 Nc6 3. g3 Nf6 4. Bg2 e6 5. d3 d5 6. exd5 exd5 7. Nge2 Be7 8. d4
c4 9. O-O O-O 10. h3 Bf5 11. Nf4 Nb4 12. Be3 Nxc2 13. Rc1 Nxe3 14. fxe3 Be6 15.
Qa4 a6 16. g4 b5 17. Qd1 h6 18. Qf3 Bb4 19. Ncxd5 Bxd5 20. Nxd5 Nxd5 21. Qxd5
Qxd5 22. Bxd5 Bd2 23. Bxa8 Bxe3+ 24. Kg2 Bxc1 25. Rxc1 Rxa8 26. Kf3 Re8 27. d5
Kf8 28. Kf4 Re2 29. Rd1 Ke7 30. Kf3 Rxb2 31. Ke4 Kd6 32. Kd4 Rxa2 33. Rf1 Rd2+
34. Kc3 Rd3+ 35. Kb4 f6 36. Ra1 Rb3+ 37. Ka5 c3 38. Kxa6 c2 39. Rc1 Rb2 40. Ka5
Kxd5 41. h4 Kc5 42. Ka6 b4 43. g5 fxg5 44. hxg5 hxg5 45. Rg1 g4 46. Rxg4 c1=Q
0-1

[Event "Miedzynarodowy Memorial Ireny Warakomskiej (Turniej Blitza)"]
[Site "Suwalki"]
[Date "2017-08-16"]
[Round "3.20"]
[White "Matuszczyk, Mateusz"]
[Black "Murawko, Katarzyna "]
[Result "0-1"]
[WhiteTitle ""]
[BlackTitle ""]
[WhiteElo "1666"]
[BlackElo "1963"]

1. e4 c5 2. Nf3 d6 3. d4 cxd4 4. Nxd4 Nf6 5. Nc3 a6 6. Bg5 Nbd7 7. f4 Qc7 8. Qf3
h6 9. Bh4 e6 10. O-O-O Be7 11. Bf2 b5 12. f5 e5 13. Nb3 Bb7 14. Nd5 Nxd5 15. exd5
Nf6 16. Kb1 Rc8 17. c3 O-O 18. g4 e4 19. Qe2 Bxd5 20. Rxd5 Nxd5 21. Qxe4 Nf6 22.
Qe2 d5 23. Bg2 Rfe8 24. Bg3 Bd6 25. Qd1 Bxg3 26. hxg3 Qxg3 27. Bf3 Ne4 28. Rg1
Qf4 29. Nd4 Nd2+ 30. Ka1 b4 31. Bxd5 bxc3 32. b3 Qxd4 33. Bc4 c2# 0-1

[Event "Miedzynarodowy Memorial Ireny Warakomskiej (Turniej Blitza)"]
[Site "Suwalki"]
[Date "2017-08-16"]
[Round "4.1"]
[White "Bilguun, Sumiya"]
[Black "Jakubowska, Anna "]
[Result "1-0"]
[WhiteTitle ""]
[BlackTitle ""]
[WhiteElo "2527"]
[BlackElo "2186"]

1. e4 c5 2. Nf3 e6 3. d4 cxd4 4. Nxd4 a6 5. Nc3 b5 6. Bd3 Qb6 7. Nf3 Bb7 8. O-O
d6 9. Re1 Nd7 10. a4 bxa4 11. Nxa4 Qc7 12. b4 Ngf6 13. c4 Be7 14. Bb2 O-O 15.
Bd4 Rfe8 16. Qd2 Rac8 17. h3 Qb8 18. e5 dxe5 19. Nxe5 Qa8 20. Nxd7 Nxd7 21. Bf1
Red8 22. Qb2 Bf8 23. Rad1 Bc6 24. Nb6 Nxb6 25. Bxb6 Rxd1 26. Rxd1 Qb7 27. c5 Bb5
28. Bxb5 axb5 29. Qe2 Qc6 30. Qf3 Qe8 31. Qb7 e5 32. Qd7 f5 33. c6 Bxb4 34. c7
Be7 35. Qe6+ Kh8 36. Rd8 1-0

[Event "Miedzynarodowy Memorial Ireny Warakomskiej (Turniej Blitza)"]
[Site "Suwalki"]
[Date "2017-08-16"]
[Round "4.2"]
[White "Bednarek, Sylwester"]
[Black "Stoma, Pawel "]
[Result "0-1"]
[WhiteTitle ""]
[BlackTitle ""]
[WhiteElo "2283"]
[BlackElo "2341"]

1. d4 d5 2. g3 Nf6 3. Bg2 c6 4. Nf3 Bf5 5. O-O e6 6. c4 h6 7. Qb3 Qb6 8. c5 Qc7
9. Bf4 Qc8 10. Nc3 Be7 11. Rfe1 O-O 12. Ne5 Bh7 13. g4 Nbd7 14. h3 Bd8 15. Nxd7
Qxd7 16. Bd6 Re8 17. f4 b6 18. e3 Bc7 19. Be5 bxc5 20. Bxf6 c4 21. Qd1 gxf6 22.
g5 fxg5 23. Qh5 f6 24. Qxh6 Qg7 25. fxg5 Qxg5 26. Qxg5+ fxg5 27. b4 cxb3 28. axb3
Reb8 29. Na4 Bg3 30. Nc5 Bxe1 31. Rxe1 Bf5 32. Ra1 Kf7 33. Bf1 Rh8 34. Ba6 Rxh3
35. Bb7 Rah8 36. Rxa7 Rh1+ 37. Kf2 R8h2+ 38. Kg3 Rh3+ 39. Kf2 R1h2+ 40. Kg1 Kg6
41. Bxc6 Rh1+ 42. Kg2 Rb1 43. Be8+ Kh6 44. Bd7 Rb2+ 45. Kg1 Rg3+ 46. Kh1 Rxe3
47. Ra6 Re1# 0-1

[Event "Miedzynarodowy Memorial Ireny Warakomskiej (Turniej Blitza)"]
[Site "Suwalki"]
[Date "2017-08-16"]
[Round "4.3"]
[White "Kulon, Klaudia "]
[Black "Golek, Jagoda"]
[Result "1-0"]
[WhiteTitle ""]
[BlackTitle ""]
[WhiteElo "2331"]
[BlackElo "2151"]

1. c4 e5 2. g3 d6 3. Bg2 Nf6 4. Nc3 Be7 5. e3 O-O 6. Nge2 c6 7. O-O Be6 8. d3 Nbd7
9. Rb1 Rb8 10. b4 d5 11. cxd5 cxd5 12. d4 e4 13. h3 Nb6 14. Nf4 Nc4 15. Kh2 Rc8
16. Bd2 a6 17. f3 exf3 18. Bxf3 Nb6 19. Bg2 Bd6 20. b5 a5 21. Na4 Nc4 22. Nb2
Bf5 23. Nxc4 Rxc4 24. Rc1 Rxc1 25. Qxc1 Be4 26. Qe1 b6 27. Qc1 Qd7 28. Qc6 Qc7
29. Rc1 Bxf4 30. gxf4 Qe7 31. Bf1 Ng4+ 32. Kg3 Nh6 33. Be1 Nf5+ 34. Kh2 Nxe3 35.
Bf2 Nxf1+ 36. Rxf1 Bd3 37. Re1 Be4 38. Qxb6 Qb4 39. Qc5 Qb2 40. Kg3 Qxa2 41. b6
Qb3+ 42. Re3 Qb1 43. Be1 a4 44. Qa5 Qc2 45. Qd2 Qb1 46. f5 Qxb6 47. Qf2 Qxd4 48.
Kh2 Qe5+ 49. Kg1 Qxf5 50. Qb2 Qg6+ 51. Rg3 Qh6 52. Bd2 Qg6 53. Rxg6 hxg6 54. Bc3
f6 55. Qb4 Rc8 56. Bd4 Rc4 57. Qb8+ Kh7 58. Qb6 Rc1+ 59. Kf2 Rc2+ 60. Ke3 Rc4
61. Qa6 g5 62. Qa7 Bc2 63. Bxf6 Re4+ 64. Kd2 1-0

[Event "Miedzynarodowy Memorial Ireny Warakomskiej (Turniej Blitza)"]
[Site "Suwalki"]
[Date "2017-08-16"]
[Round "4.4"]
[White "Lewtak, Damian "]
[Black "Paprocki, Jaroslaw "]
[Result "1-0"]
[WhiteTitle ""]
[BlackTitle ""]
[WhiteElo "2275"]
[BlackElo "2101"]

1. e4 e5 2. Nf3 Nc6 3. Bb5 Bc5 4. c3 Nf6 5. O-O O-O 6. d4 Bb6 7. Bg5 h6 8. Bxf6
Qxf6 9. Bxc6 Qxc6 10. Nbd2 exd4 11. Nxd4 Bxd4 12. cxd4 d6 13. Rc1 Qd7 14. Re1
b6 15. Qf3 c5 16. dxc5 dxc5 17. Nc4 Bb7 18. Rcd1 Qa4 19. Nd6 Bc8 20. b3 Qxa2 21.
Nc4 Qa6 22. Nd6 Qa2 23. h4 Be6 24. Re3 Qa5 25. Qf4 Rad8 26. Rg3 Kh8 27. Nxf7+
Bxf7 28. Rxd8 Rxd8 29. Qxf7 Qe1+ 30. Kh2 Rg8 31. Re3 Qa5 32. e5 Qb4 33. g3 c4
34. e6 Rf8 35. Qg6 Qe7 36. Kg2 cxb3 37. Rxb3 Rf6 38. Qg4 Qxe6 39. Qb4 Qd5+ 40.
Kg1 Kh7 41. Re3 Qf5 42. Re2 a5 43. Qb3 Qf3 44. Qc2+ Qf5 45. Qb2 Qd5 46. Qc2+ Qf5
47. Qb2 h5 48. Re5 Qg6 49. Rg5 Qf7 50. Qc2+ g6 51. Rb5 Qd7 52. Qb2 Kg7 53. Rxb6
Qd1+ 54. Kh2 Qd8 55. Rb7+ Kg8 56. Qb3+ Kh8 57. Qc3 Qd6 58. Rf7 1-0

[Event "Miedzynarodowy Memorial Ireny Warakomskiej (Turniej Blitza)"]
[Site "Suwalki"]
[Date "2017-08-16"]
[Round "4.5"]
[White "Chinguun, Sumiya "]
[Black "Zochowski, Kacper"]
[Result "1-0"]
[WhiteTitle ""]
[BlackTitle ""]
[WhiteElo "2139"]
[BlackElo "2263"]

1. e4 g6 2. d4 Bg7 3. Nc3 c6 4. Nf3 d6 5. Be3 b5 6. Bd3 Nf6 7. h3 b4 8. Ne2 Nbd7
9. Qd2 c5 10. dxc5 Nxc5 11. Bxc5 dxc5 12. e5 Nd7 13. e6 fxe6 14. Nf4 Bh6 15. g4
Bxf4 16. Qxf4 Rf8 17. Qe3 Bb7 18. Be4 Qb6 19. Ng5 Nf6 20. Bxb7 Qxb7 21. O-O-O
Nd5 22. Qxe6 Nf4 23. Qe5 Qb5 24. Rhe1 Qb7 25. Re4 Ng2 26. Ne6 Rxf2 27. Nc7+ Kf8
28. Qxe7+ Kg8 29. Nxa8 1-0

[Event "Miedzynarodowy Memorial Ireny Warakomskiej (Turniej Blitza)"]
[Site "Suwalki"]
[Date "2017-08-16"]
[Round "4.6"]
[White "Jaroch, Karol"]
[Black "Janiszewski, Maciej"]
[Result "1-0"]
[WhiteTitle ""]
[BlackTitle ""]
[WhiteElo "2250"]
[BlackElo "1968"]

1. e4 c5 2. Nc3 Nc6 3. g3 g6 4. Bg2 Bg7 5. f4 d6 6. h3 Nf6 7. Nf3 O-O 8. O-O Rb8
9. d3 b5 10. g4 b4 11. Ne2 a5 12. Ng3 Ba6 13. g5 Nd7 14. h4 Nd4 15. h5 Qb6 16.
hxg6 fxg6 17. Kh2 e5 18. Nxd4 exd4 19. Bh3 Qc7 20. Kg2 Rbe8 21. b3 Bb7 22. Bg4
Rf7 23. Bd2 Nf8 24. f5 d5 25. f6 dxe4 26. Bf4 e3+ 27. Kh2 Qb6 28. fxg7 Kxg7 29.
Ne2 Ne6 30. Be5+ Kg8 31. Rxf7 Kxf7 32. Qf1+ Kg8 33. Qf6 1-0

[Event "Miedzynarodowy Memorial Ireny Warakomskiej (Turniej Blitza)"]
[Site "Suwalki"]
[Date "2017-08-16"]
[Round "4.7"]
[White "Kyrychenko, Maryan "]
[Black "Paszewski, Mateusz "]
[Result "0-1"]
[WhiteTitle ""]
[BlackTitle ""]
[WhiteElo "2060"]
[BlackElo "2233"]

1. e4 c6 2. d4 d5 3. e5 Bf5 4. Nf3 e6 5. Be2 c5 6. Be3 cxd4 7. Nxd4 Ne7 8. Nd2
Nbc6 9. N2f3 Bg4 10. O-O Bxf3 11. Nxf3 Qc7 12. Bb5 a6 13. Bxc6+ Nxc6 14. Bf4 Bc5
15. c3 O-O 16. Qe2 h6 17. Rfd1 Rfe8 18. Nd4 Bxd4 19. cxd4 f5 20. h4 Rac8 21. Rac1
Qa5 22. a3 Qb6 23. Qd2 Kh7 24. b4 a5 25. Rb1 axb4 26. axb4 Na7 27. Rb3 Rc4 28.
b5 Rec8 29. Kh2 Rc2 30. Qe3 Qd8 31. Qg3 Qe8 32. Ra1 Nxb5 33. Rab1 Nxd4 34. Rxb7
R2c7 35. R7b2 Qh5 36. Qh3 Rc3 37. f3 Rc2 38. Rxc2 Rxc2 39. Rf1 Ne2 40. Be3 d4
41. Bf2 Nf4 42. Qg3 g5 43. Ra1 Rc7 44. Ra2 d3 45. Be3 Rg7 46. Bxf4 gxf4 47. Qxf4
Rd7 48. Qc4 d2 49. Qxe6 d1=Q 50. Ra8 Qf7 51. Qb6 Qd4 52. Qb1 Qxe5+ 53. Kh3 Qfg7
54. g4 Qf7 55. Ra6 Qf4 56. Qb6 Qxf3+ 57. Kh2 Rd2+ 58. Kg1 Qd1# 0-1

[Event "Miedzynarodowy Memorial Ireny Warakomskiej (Turniej Blitza)"]
[Site "Suwalki"]
[Date "2017-08-16"]
[Round "4.8"]
[White "Suliborski, Jakub"]
[Black "Karlov, Egor "]
[Result "1-0"]
[WhiteTitle ""]
[BlackTitle ""]
[WhiteElo "2222"]
[BlackElo "1538"]

1. d4 Nf6 2. Nc3 g6 3. Bg5 Bg7 4. e4 d6 5. f4 O-O 6. Nf3 c5 7. dxc5 dxc5 8. Qxd8
Rxd8 9. e5 Nd5 10. Nxd5 Rxd5 11. Bxe7 Nc6 12. Bh4 Nb4 13. Rc1 Bf5 14. Bc4 Nxc2+
15. Rxc2 Rxe5+ 16. Nxe5 Bxc2 17. Bxf7+ Kf8 18. Bb3 Bxb3 19. axb3 Re8 20. O-O Kg8
21. Bg3 Rd8 22. h4 Rd2 23. Rf2 Rd1+ 24. Kh2 Re1 25. Rc2 Re3 26. Rxc5 Bxe5 27.
fxe5 Rxb3 28. e6 Re3 29. Be5 Kf8 30. Bd6+ Kg7 31. Rc7+ Kf6 32. e7 Re6 33. Rc8
Rxd6 34. e8=Q Re6 35. Qh8+ Kf5 36. Rf8+ 1-0

[Event "Miedzynarodowy Memorial Ireny Warakomskiej (Turniej Blitza)"]
[Site "Suwalki"]
[Date "2017-08-16"]
[Round "4.9"]
[White "Kaczmarek, Arkadiusz "]
[Black "Zaika, Daniil"]
[Result "0-1"]
[WhiteTitle ""]
[BlackTitle ""]
[WhiteElo "2185"]
[BlackElo "1941"]

1. d4 d5 2. c4 e6 3. Nc3 c5 4. cxd5 exd5 5. Nf3 Nc6 6. g3 c4 7. Bg2 Bb4 8. O-O
Nge7 9. a3 Bxc3 10. bxc3 Qa5 11. Bb2 O-O 12. e4 Bg4 13. Re1 Rfe8 14. h3 dxe4 15.
Rxe4 Bf5 16. Re1 Nd5 17. Qd2 Qb5 18. a4 Qa5 19. Nh4 Bd3 20. Qg5 Rxe1+ 21. Rxe1
Nf6 22. Qe3 Qxa4 23. d5 Na5 24. g4 h6 25. Qg3 Rd8 26. d6 Qb3 27. Ba1 Qb6 28. g5
hxg5 29. Qxg5 Nb3 30. Bb2 Qxd6 31. Bxb7 a5 32. Bf3 a4 33. Ng2 a3 34. Ba1 a2 35.
Bb2 Qa6 36. Ba1 Nxa1 37. Rxa1 Bb1 38. Qc1 Qd6 39. Ne3 Qd2 40. Qxd2 Rxd2 41. Nxc4
Rc2 42. Ne3 Rxc3 43. Be2 Rc1+ 44. Kg2 Ne4 45. Bc4 Nc3 46. Kh2 Re1 47. Bb3 g6 48.
Bc4 Kg7 49. Ng2 Rc1 50. Bb3 Rf1 51. Kg3 Rc1 52. Ne3 Ne2+ 53. Kf3 Bd3 54. Rxc1
Nxc1 55. Bxa2 0-1

[Event "Miedzynarodowy Memorial Ireny Warakomskiej (Turniej Blitza)"]
[Site "Suwalki"]
[Date "2017-08-16"]
[Round "4.10"]
[White "Ostrowski, Robert"]
[Black "Cukrowski, Filip "]
[Result "0-1"]
[WhiteTitle ""]
[BlackTitle ""]
[WhiteElo "2028"]
[BlackElo "2180"]

1. e4 c5 2. Nf3 Nc6 3. d4 cxd4 4. c3 dxc3 5. Nxc3 d6 6. Bc4 a6 7. O-O Nf6 8. Bg5
h6 9. Bh4 Bg4 10. Qb3 e6 11. Nd2 Na5 12. Qa4+ b5 13. Nxb5 axb5 14. Bxb5+ Ke7 15.
e5 dxe5 16. Ne4 Nc6 17. Nxf6 Rxa4 18. Nxg4+ g5 19. Bxa4 gxh4 20. Bxc6 Qb6 21.
Ba4 Qb4 22. Bd1 Bg7 23. Rc1 Rd8 24. Rc7+ 0-1

[Event "Miedzynarodowy Memorial Ireny Warakomskiej (Turniej Blitza)"]
[Site "Suwalki"]
[Date "2017-08-16"]
[Round "4.11"]
[White "Sliwicki, Damian "]
[Black "Zgadzaj, Rafal "]
[Result "1-0"]
[WhiteTitle ""]
[BlackTitle ""]
[WhiteElo "2175"]
[BlackElo "2040"]

1. e4 d6 2. Nc3 g6 3. d4 Bg7 4. f4 Nf6 5. Nf3 O-O 6. e5 Nfd7 7. Be2 c5 8. exd6
exd6 9. dxc5 dxc5 10. O-O Nc6 11. Be3 Re8 12. Qd2 Qe7 13. Nd5 Qd8 14. Bc4 Nb6
15. Nxb6 axb6 16. Qxd8 Nxd8 17. Kf2 Be6 18. Bb5 Nc6 19. c3 Rad8 20. a3 Bg4 21.
Rad1 Kf8 22. Rd2 h5 23. Rfd1 Rxd2+ 24. Rxd2 Rd8 25. Rxd8+ Nxd8 26. Ne5 Bxe5 27.
fxe5 Nc6 28. Bf4 Ke7 29. Ke3 Ke6 30. Bc4+ Ke7 31. h3 Be6 32. Bg5+ Kd7 33. Bb5
Kc7 34. Kf4 Na7 35. Bd3 Nc6 36. Bh6 Nb8 37. b4 Nd7 38. a4 Bb3 39. Bb5 cxb4 40.
cxb4 Nb8 41. Ke4 Nc6 42. Bd2 Kd7 43. Be3 Kc7 44. Bd2 Be6 45. Be2 Bf5+ 46. Kf4
Be6 47. Bd1 Bd5 48. g4 hxg4 49. hxg4 Be6 50. Ke4 Ne7 51. Kf4 Nc6 52. Kg5 Nd4 53.
Kf6 Kc6 54. Be3 Kd5 55. Bxd4 Kxd4 56. Bf3 Kc4 57. a5 bxa5 58. bxa5 Kb5 59. Bxb7
Kxa5 60. Bc6 Kb6 61. Be8 Bxg4 62. Bxf7 Kc5 63. Bxg6 Kc6 64. Bf5 Bh5 65. e6 Kd6
66. e7 Be8 67. Be6 Ba4 68. Bb3 Bc6 69. Kf7 Bb5 70. Kf8 Bc6 71. Bf7 Ba4 72. Be8
Bd1 73. Bb5 Bh5 74. Ba4 Bg6 75. Be8 Bh5 76. Ba4 Kc7 77. Bb3 1-0

[Event "Miedzynarodowy Memorial Ireny Warakomskiej (Turniej Blitza)"]
[Site "Suwalki"]
[Date "2017-08-16"]
[Round "4.12"]
[White "Grabowski, Adam"]
[Black "Smolka, Marcin "]
[Result "0-1"]
[WhiteTitle ""]
[BlackTitle ""]
[WhiteElo "1951"]
[BlackElo "2161"]

1. Nf3 d5 2. d4 e6 3. c4 c6 4. e3 Nf6 5. Nc3 Nbd7 6. Qc2 Bd6 7. Bd3 dxc4 8. Bxc4
O-O 9. O-O b5 10. Bb3 Bb7 11. Bd2 a6 12. e4 e5 13. dxe5 Nxe5 14. Nxe5 Bxe5 15.
Rad1 Qc7 16. h3 Rad8 17. Be3 Rfe8 18. Ne2 Nxe4 19. Rxd8 Qxd8 20. f3 Nf6 21. Rd1
Qc7 22. Nc1 Bh2+ 23. Kh1 Rxe3 0-1

[Event "Miedzynarodowy Memorial Ireny Warakomskiej (Turniej Blitza)"]
[Site "Suwalki"]
[Date "2017-08-16"]
[Round "4.13"]
[White "Murawko, Katarzyna "]
[Black "Okrucinski, Tadeusz"]
[Result "0-1"]
[WhiteTitle ""]
[BlackTitle ""]
[WhiteElo "1963"]
[BlackElo "2149"]

1. e4 c5 2. Nf3 Nc6 3. d4 cxd4 4. Nxd4 Nf6 5. Nc3 d6 6. f3 e5 7. Nb3 Be7 8. Be3
Be6 9. Nd5 Bxd5 10. exd5 Nb8 11. Bb5+ Nbd7 12. Qd2 O-O 13. Be2 Nh5 14. g4 Bh4+
15. Kf1 Nf4 16. Bxf4 exf4 17. Nd4 Qb6 18. c3 Rfe8 19. Bd3 Re3 20. Kg2 Nc5 21.
Bf5 g6 22. Bc2 Qxb2 23. Rhb1 Qxc3 24. Qxc3 Rxc3 25. Rc1 Bf6 26. Nb5 Rxc2+ 27.
Rxc2 Bxa1 28. Nxd6 b6 29. Nc4 Rd8 30. Rd2 b5 31. Na5 Bc3 32. Nc6 Bxd2 33. Nxd8
b4 34. Nc6 Kf8 35. Kf2 Ke8 36. Ke2 Bc3 37. Na5 Kd7 38. Nc4 b3 39. axb3 Nxb3 40.
Kd3 Bb4 41. Ke4 a5 42. Kxf4 a4 43. Ke4 a3 44. Kd4 0-1